Responses for Show #5236 - Monday, May 21, 2007

Contestants

[<< previous game]

Vic Sawyer, a snowcoach driver and hotel manager from Yellowstone National Park, Wyoming and Montana

Allison Frisbee, a law student from Concord, New Hampshire

Martin Hughes, a sociology professor from Indiana, Pennsylvania (whose 1-day cash winnings total $21,601)

[next game >>]

Jeopardy! Round responses

TERMS OF ENGINEERMENT
ONE-NAMED TV CHARACTERS
FIVE ABOUT TENN.
BOB'S YOUR UNCLE
ALL WE ARE "SAY"ING
GIVE WAR AND PEACE A CHANCE
    $200 1
locks

Martin
    $200 6
Gilligan's Island

Martin
    $200 11
(Martin: Uh, who are the Nashville Titans?)

the Tennessee Titans

MartinVic
    $200 21
Bob Woodward

Vic
    $200 12
"Just say no"

Martin
    $200 26
Moscow

Triple Stumper
    $400 2
an aqueduct

Vic
    $400 7
Columbo

Triple Stumper
    $400 13
Graceland

Martin
    $400 22
Kansas

Allison
    $400 16
hearsay

Vic
    $1,000 27
(Alex: Guess what, Allison? You started very slowly, but you are now in a position to move into second place, so give War and Peace a chance.)
(Allison: I wish I had read it, ah...)
(Alex: [Laughing])
(Allison: I'll wager a thousand, please.)
(Alex: There are very few people who have read it cover to cover, believe me.)
...
(Allison: I don't... Who is... I--I don't know.)

Napoleon

Allison
    $600 3
a suspension bridge

Vic
    $600 8
Newman

Martin
    $600 14
the Grand Ole Opry

Vic
    $600 23
Bob Newhart

Martin
    $600 17
Simon Says

Vic
    $600 28
French & Russian

Allison
    $800 4
(Martin: What is carbon?)

acetylene

Martin
Triple Stumper
    $800 9
Quincy

Vic
    $800 15
a guitar (or a fiddle or a trumpet)

Vic
    $800 24
[Alex exuberantly demonstrates as he reads the words "jazz hands!"]

Bob Fosse

Allison
    $800 18
a soothsayer

Martin
    $800 29
St. Petersburg

Martin
    $1000 5
an artesian well

Vic
    $1000 10
Data

Martin
    $1000 19
Oak Ridge

Vic
    $1000 25
Bob Kerrey

Allison
    $1000 20
an assayer

Martin
    $1000 30
(Allison: Who is Peter?)
(Martin: Who is Nicholas I?)

Czar Alexander I

MartinAllison
Triple Stumper

Scores at the first commercial break (after clue 15):

Martin Allison Vic
$1,600 $0 $4,400

Scores at the end of the Jeopardy! Round:

Martin Allison Vic
$3,800 $800 $6,600

Double Jeopardy! Round responses

COMMUNICATION
HOT MOVIES
COUNTRIES' HIGHEST POINTS
(Alex: You have to identify the country.)
MILITARY MATTERS
FORBES' CARS FOR THE RICH
ANAGRAMMED BIRDS
    $400 18
a click

Triple Stumper
    $400 1
In the Heat of the Night

Vic
    $400 6
Israel

Martin
    $400 11
West Point

Allison
    $400 26
Hummer

Allison
    $400 16
the rhea (for hare)

Vic
    $800 19
(Martin: What is Cyrillic?)

Greek

MartinAllison
    $800 2
Blazing Saddles

Martin
    $800 7
Turkey

Martin
    $800 12
Great Britain

Allison
    $800 27
(Martin: What's a Navigator?)

a Town Car

MartinVic
    $800 17
tern (for rent)

Martin
    $1200 20
10

Vic
    $1200 3
The Towering Inferno

Vic
    $3,000 8
(Alex: Yes! Think of Ras Tafari--Ras Dashen. Correct.)

Ethiopia

Martin
    $1200 13
(Alex: Correct, NATO.)

the North Atlantic

Vic
    $2,400 28
(Vic: What is Mercedes-Benz?)
...
(Alex: He drives a [*]. Sweden.)

Volvo

Vic
    $1200 23
egret (from greet)

Vic
    $1600 21
cipher

Allison
    $1600 4
Saturday Night Fever

Vic
    $1600 9
(Martin: What is Mexico?)
(Allison: What is Bolivia?)

Venezuela

MartinAllison
Triple Stumper
    $1600 14
(Vic: [Closes eyes and thinks but nothing comes])

the Galápagos

AllisonVic
    $1600 29
Porsche

Martin
    $1600 24
rail (from lair)

Vic
    $2000 22
a flash (or a dispatch)

Martin
    $2000 5
(Alex: Atra! Yes.)

Quest for Fire

Martin
    $2000 10
Romania

Triple Stumper
    $2000 15
the Shogunate (the Shogun accepted)

Martin
    $2000 30
Rolls-Royce

Triple Stumper
    $2000 25
heron (from Rhone)

Vic

Scores at the end of the Double Jeopardy! Round:

Martin Allison Vic
$14,000 $4,800 $14,200

[wagering suggestions for these scores]

Final Jeopardy! Round responses

19th CENTURY INVENTORS
AllisonWho is Nobel?
$600
MartinWho is Alfred Nobel?
$400
VicWho was Nobel?
$13,801
Alfred Nobel

Final scores:

Martin Allison Vic
$14,400 $5,400 $28,001
2nd place: $2,000 3rd place: $1,000 New champion: $28,001

Game dynamics:

Coryat scores:

Martin Allison Vic
$12,200 $5,800 $16,600
19 R
(including 1 DD),
6 W
10 R,
3 W
(including 1 DD)
21 R,
2 W
(including 1 DD)

Combined Coryat: $34,600

[game clues] [game scores] [suggest correction]

Game tape date: 2007-02-20
The J! Archive is created by fans, for fans. Scraping, republication, monetization, and malicious use prohibited; this site may use cookies and collect identifying information. See terms. The Jeopardy! game show and all elements thereof, including but not limited to copyright and trademark thereto, are the property of Jeopardy Productions, Inc. and are protected under law. This website is not affiliated with, sponsored by, or operated by Jeopardy Productions, Inc. Join the discussion at JBoard.tv.